Monsignore Pius Jung und Pfarrer Adolf Langner, der vorletzte und der letzte katolische Pfarrer von Habelschwerdt
| Titel: | Monsignore Pius Jung und Pfarrer Adolf Langner, der vorletzte und der letzte katolische Pfarrer von Habelschwerdt |
|---|---|
| Verfasser: | |
| In: |
Grofschoaftersch Häämtebärnla, Band 43 (1991), Seite 84-89 alle Artikel anzeigen |
| Veröffentlicht: | 1991 |
| Format: | Aufsatz |
| Sprache: | Deutsch |
X
alg: 39464089 001A $01999:12-11-16 001B $03025:12-07-24 $t13:02:40.000 001D $01999:12-11-16 001U $0utf8 001X $00 002@ $0Aox 003@ $0394640896 007A $0394640896 $aHEB 007T $0Herdww016978 010@ $ager 011@ $a1991 021A $aMonsignore Pius Jung und Pfarrer Adolf Langner, der vorletzte und der letzte katolische Pfarrer von Habelschwerdt 028A $7115444273X $8Taubitz, Werner [Tp3] $9427466903 031A $d43 $h84-89 $j1991 039B $aIn $8--Abvc--. Grofschoaftersch Häämtebärnla. - Lüdenscheid : Zentralstelle Grafschaft Glatz/Schlesien e.V., 1956-[2019] $x199100000430000916 $9047864346 044K $RHabelschwerdt $#Habelschwerdt $75094184-7 $8Bystrzyca Kłodzka [Tg1] $9045064997 044K $71335509542 $8Jung, Pius$Z-1940 [Tp3] $9519896688 044K $71335510168 $8Langner, Adolf [Tp3] $9519896831 045T $a7,41 $a8,1 lok: 39464089 78 exp: 39464089 78 1 #EPN 201B/01 $028-07-21 $t08:47:35.000 201U/01 $0utf8 203@/01 $0790751364 208@/01 $a12-11-16 $be 209A/01 $a/ $f000 $x00 220C/01 $aTitelaufnehmer: MP 220C/01 $aHerkunft: IH UWr 244Z/01 $2Trx $#Silesia $#Śląsk $#Sliezsko $#Slezsko $8--Trx--Schlesien $x01 $9391173987 244Z/01 $#Habelschwerdt $75094184-7 $8--Tg1--Bystrzyca Kłodzka $x02 $9045064997 244Z/01 $aJung Pius $x03 244Z/01 $a*Langner Adolf $x04 244Z/01 $2Trx $#vaimulikkond, rooma-katoliku $#Romos katalikų dvasininkai $#clergy, Roman-Catholic $#papság, római-katolikus $#duchowieństwo rzymskokatolickie $#duchovenstvo rímsko-katolícke $#duchovenstvo římsko-katolické $#Klerus $#Priester $#Pfarrer $#kler $#księża katoliccy $#klérus $#kňazi $#farári $#klérus $#kněží $#faráři $8--Trx--Geistliche, römisch-katholische $x05 $9391373757 244Z/01 $2Trx $8--Trx--Zeitschriftenaufsatz $x06 $9391384341 247C/01 $82080>Marburg/Lahn, Herder-Institut, Forschungsbibliothek, Bibliographieportal $9336309341
| LEADER | 00000caa a22000002c 4500 | ||
|---|---|---|---|
| 001 | 394640896 | ||
| 003 | DE-603 | ||
| 005 | 20240712130240.0 | ||
| 007 | tu | ||
| 008 | 161112s1991 xx |||| | u00||u|ger c | ||
| 035 | |a (DE-599)HEB394640896 | ||
| 040 | |a DE-603 |b ger |c DE-603 |d DE-603 | ||
| 041 | |a ger | ||
| 084 | |a 7,41 |a 8,1 |2 ssgn | ||
| 100 | 1 | |a Taubitz, Werner |0 (DE-603)427466903 |0 (DE-588)115444273X |2 gnd | |
| 245 | 0 | 0 | |a Monsignore Pius Jung und Pfarrer Adolf Langner, der vorletzte und der letzte katolische Pfarrer von Habelschwerdt |
| 264 | 0 | |c 1991 | |
| 600 | 1 | 7 | |a Jung, Pius |d 1940 |0 (DE-588)1335509542 |0 (DE-603)519896688 |2 gnd |
| 600 | 1 | 7 | |a Langner, Adolf |0 (DE-588)1335510168 |0 (DE-603)519896831 |2 gnd |
| 651 | 7 | |a Bystrzyca Kłodzka |0 (DE-588)5094184-7 |0 (DE-603)045064997 |2 gnd | |
| 773 | 0 | 8 | |i In |t Grofschoaftersch Häämtebärnla |d Lüdenscheid : Zentralstelle Grafschaft Glatz/Schlesien e.V., 1956-[2019] |g Band 43 (1991), Seite 84-89 |w (DE-603)047864346 |w (DE-600)558553-3 |
| 924 | 0 | |9 2080 |a (DE-603)790751364 |b DE-2080 |c HES |d d |g / | |


